LDR 01183naa#a2200217#i#450# 001 RU\\bibl\120144 005 20260630212147.2 011 ## _a2500-4026 100 ## _a20221231b2022####ek#y0rusy0150####ca 101 0# _aRUS 102 ## _aRU 200 1# _aО ПОДХОДЕ К МИНИМИЗАЦИИ МАТЕРИАЛЬНОГО РИСКА ПРИ ЧРЕЗВЫЧАЙНЫХ СИТУАЦИЯХ (ПАВОДКАХ), ВЫЗВАННЫХ ЗАТОРНЫМИ ЯВЛЕНИЯМИ _eЖурнальная статья 210 1# _aЖелезногорск _cФГБОУ ВО Сибирская пожарно-спасательная академия ГПС МЧС России _d2022 215 ## _a5 с. 608 ## _aЖурнальная статья _2local 675 ## _aМероприятия по защите гражданского населения. Организация. Обучение. Местная противовоздушная оборона (МПВО).Гражданская оборона. 355.58 _zRUS 700 #1 _aИванов _gЕ В 700 #1 _aТкаченко _gП Н 700 #1 _aТкаченко _gЮ А 700 #1 _aНестеров В.А.О. _gВ А 856 4# _aapbt-sibpsa.editorum.ru _u